<?xml version="1.0" encoding="UTF-8"?>
<record
    xmlns:xsi="http://www.w3.org/2001/XMLSchema-instance"
    xsi:schemaLocation="http://www.loc.gov/MARC21/slim http://www.loc.gov/standards/marcxml/schema/MARC21slim.xsd"
    xmlns="http://www.loc.gov/MARC21/slim">

  <leader>02223aam a2200373 i 4500</leader>
  <controlfield tag="001">71180</controlfield>
  <controlfield tag="003">CO-MdUADB</controlfield>
  <controlfield tag="005">20260504074721.0</controlfield>
  <controlfield tag="007">ta</controlfield>
  <controlfield tag="008">960313s1985    mx adj|fr||||   1   spa d</controlfield>
  <datafield tag="020" ind1=" " ind2=" ">
    <subfield code="a">9682508959</subfield>
  </datafield>
  <datafield tag="020" ind1=" " ind2=" ">
    <subfield code="a">0314632611</subfield>
    <subfield code="q">Edici&#xF3;n original</subfield>
  </datafield>
  <datafield tag="035" ind1=" " ind2=" ">
    <subfield code="a">71180</subfield>
  </datafield>
  <datafield tag="035" ind1=" " ind2=" ">
    <subfield code="a">(OCoLC)778199799</subfield>
  </datafield>
  <datafield tag="040" ind1=" " ind2=" ">
    <subfield code="a">CO-MdUADB</subfield>
    <subfield code="b">spa</subfield>
    <subfield code="c">CO-MdUADB</subfield>
    <subfield code="e">rda</subfield>
  </datafield>
  <datafield tag="041" ind1="1" ind2=" ">
    <subfield code="a">spa</subfield>
    <subfield code="h">eng</subfield>
  </datafield>
  <datafield tag="050" ind1=" " ind2="4">
    <subfield code="a">F</subfield>
  </datafield>
  <datafield tag="082" ind1="0" ind2="4">
    <subfield code="a">536</subfield>
  </datafield>
  <datafield tag="100" ind1="1" ind2=" ">
    <subfield code="a">Karlekar, Bhalchandra V., </subfield>
    <subfield code="d">1939-</subfield>
    <subfield code="e">aut</subfield>
    <subfield code="9">259552</subfield>
  </datafield>
  <datafield tag="245" ind1="1" ind2="0">
    <subfield code="a">Transferencia de calor /</subfield>
    <subfield code="c">Bhalchandra V. Karlekar ; Robert M. Desmond</subfield>
  </datafield>
  <datafield tag="246" ind1="1" ind2="1">
    <subfield code="a">Heat Transfer</subfield>
  </datafield>
  <datafield tag="250" ind1=" " ind2=" ">
    <subfield code="a">2.&#xAA; edici&#xF3;n </subfield>
  </datafield>
  <datafield tag="264" ind1=" " ind2="4">
    <subfield code="a">M&#xE9;xico :</subfield>
    <subfield code="b">Nueva Editorial Interamericana ; </subfield>
    <subfield code="b">McGraw-Hill,</subfield>
    <subfield code="c">1985, 1994.</subfield>
  </datafield>
  <datafield tag="300" ind1=" " ind2=" ">
    <subfield code="a">xxiii, 794 p&#xE1;ginas :</subfield>
    <subfield code="b">ilustraciones, gr&#xE1;ficas y tablas</subfield>
  </datafield>
  <datafield tag="336" ind1=" " ind2=" ">
    <subfield code="2">rdacontent</subfield>
    <subfield code="a">texto</subfield>
    <subfield code="b">txt</subfield>
  </datafield>
  <datafield tag="337" ind1=" " ind2=" ">
    <subfield code="a">no mediado</subfield>
  </datafield>
  <datafield tag="338" ind1=" " ind2=" ">
    <subfield code="a">volumen</subfield>
  </datafield>
  <datafield tag="505" ind1="2" ind2="0">
    <subfield code="t">Pr&#xF3;logo --</subfield>
    <subfield code="t">Pr&#xF3;logo a la primera edici&#xF3;n --</subfield>
    <subfield code="t">Nomenclatura --</subfield>
    <subfield code="t">1. Introducci&#xF3;n a transferencia de calor -- </subfield>
    <subfield code="t">2. Conducci&#xF3;n de calor unidimensional en estado estacionario -- </subfield>
    <subfield code="t">3. Conducci&#xF3;n bidimensional bajo condiciones de estado estacionario -- </subfield>
    <subfield code="t">4. Conducci&#xF3;n de calor transitorio -- </subfield>
    <subfield code="t">5. M&#xE9;todos num&#xE9;ricos en conducci&#xF3;n de calor -- </subfield>
    <subfield code="t">6. Radiaci&#xF3;n t&#xE9;rmica -- </subfield>
    <subfield code="t">7. Antecedentes de flujo de flu&#xED;dos para transferencia de calor por convecci&#xF3;n -- </subfield>
    <subfield code="t">8. Convecci&#xF3;n forzada -- </subfield>
    <subfield code="t">9. Convecci&#xF3;n natural -- </subfield>
    <subfield code="t">10. Transferencia de calor con cambio de fase -- </subfield>
    <subfield code="t">11. Cambistas de calor -- </subfield>
    <subfield code="t">Ap&#xE9;ndices -- </subfield>
    <subfield code="t">Respuestas a problemas seleccionados --</subfield>
    <subfield code="t">&#xCD;ndice alfab&#xE9;tico.</subfield>
  </datafield>
  <datafield tag="520" ind1="3" ind2=" ">
    <subfield code="a">El calor es energ&#xED;a en tr&#xE1;nsito, debido a diferencia de temperaturas. Transferencia de calor es el &#xE1;rea de ingenier&#xED;a que trata los mecanismos encargados de la transferencia de energ&#xED;a de un lugar a otro cuando existe una diferencia de temperaturas. En el estudio de la termodin&#xE1;mica, el estudiante se ocupa de la conservaci&#xF3;n de energ&#xED;a , y la direcci&#xF3;n en que se puede transferir la energ&#xED;a. </subfield>
  </datafield>
  <datafield tag="650" ind1=" " ind2="7">
    <subfield code="a">Transmisi&#xF3;n del calor</subfield>
    <subfield code="2">lemb</subfield>
    <subfield code="9">31915</subfield>
  </datafield>
  <datafield tag="700" ind1="1" ind2=" ">
    <subfield code="a">Desmond, Robert M., </subfield>
    <subfield code="d">1944-</subfield>
    <subfield code="e">aut</subfield>
    <subfield code="9">485200</subfield>
  </datafield>
  <datafield tag="700" ind1="1" ind2=" ">
    <subfield code="a">Gal&#xE1;n Mart&#xED;nez, Arturo</subfield>
    <subfield code="e">trl</subfield>
    <subfield code="9">700327</subfield>
  </datafield>
  <datafield tag="942" ind1=" " ind2=" ">
    <subfield code="c">BOOK</subfield>
    <subfield code="2">ddc</subfield>
  </datafield>
  <datafield tag="999" ind1=" " ind2=" ">
    <subfield code="c">41448</subfield>
    <subfield code="d">41448</subfield>
  </datafield>
  <datafield tag="952" ind1=" " ind2=" ">
    <subfield code="0">0</subfield>
    <subfield code="1">0</subfield>
    <subfield code="4">0</subfield>
    <subfield code="7">0</subfield>
    <subfield code="8">GEN</subfield>
    <subfield code="a">BC</subfield>
    <subfield code="b">BC</subfield>
    <subfield code="d">2011-08-17</subfield>
    <subfield code="e">Material adquirido por donaci&#xF3;n</subfield>
    <subfield code="g">96000.00</subfield>
    <subfield code="i">C1123732</subfield>
    <subfield code="l">0</subfield>
    <subfield code="o">536.2 K18t e2</subfield>
    <subfield code="p">0757357</subfield>
    <subfield code="r">2023-04-20 00:00:00</subfield>
    <subfield code="t">1</subfield>
    <subfield code="w">2023-04-20</subfield>
    <subfield code="y">BOOK</subfield>
  </datafield>
  <datafield tag="952" ind1=" " ind2=" ">
    <subfield code="0">0</subfield>
    <subfield code="1">0</subfield>
    <subfield code="4">0</subfield>
    <subfield code="7">0</subfield>
    <subfield code="8">GEN</subfield>
    <subfield code="a">BC</subfield>
    <subfield code="b">BC</subfield>
    <subfield code="d">2015-05-14</subfield>
    <subfield code="e">Material adquirido por donaci&#xF3;n</subfield>
    <subfield code="g">49000.00</subfield>
    <subfield code="i">C1225665</subfield>
    <subfield code="l">0</subfield>
    <subfield code="o">536.2 K18t e8</subfield>
    <subfield code="p">01011024</subfield>
    <subfield code="r">2023-11-10 00:00:00</subfield>
    <subfield code="t">2</subfield>
    <subfield code="w">2023-04-20</subfield>
    <subfield code="y">BOOK</subfield>
  </datafield>
  <datafield tag="952" ind1=" " ind2=" ">
    <subfield code="0">0</subfield>
    <subfield code="1">0</subfield>
    <subfield code="4">0</subfield>
    <subfield code="7">0</subfield>
    <subfield code="8">GEN</subfield>
    <subfield code="a">BC</subfield>
    <subfield code="b">BC</subfield>
    <subfield code="d">1997-03-05</subfield>
    <subfield code="i">C145952</subfield>
    <subfield code="l">0</subfield>
    <subfield code="o">536.2 K18t e3</subfield>
    <subfield code="p">61000000718789</subfield>
    <subfield code="r">2023-04-20 00:00:00</subfield>
    <subfield code="t">3</subfield>
    <subfield code="w">2023-04-20</subfield>
    <subfield code="y">BOOK</subfield>
  </datafield>
  <datafield tag="952" ind1=" " ind2=" ">
    <subfield code="0">0</subfield>
    <subfield code="1">0</subfield>
    <subfield code="4">0</subfield>
    <subfield code="7">0</subfield>
    <subfield code="8">GEN</subfield>
    <subfield code="a">BC</subfield>
    <subfield code="b">BC</subfield>
    <subfield code="d">1997-03-05</subfield>
    <subfield code="i">C145953</subfield>
    <subfield code="l">0</subfield>
    <subfield code="o">536.2 K18t e4</subfield>
    <subfield code="p">0747205</subfield>
    <subfield code="r">2023-04-20 00:00:00</subfield>
    <subfield code="t">4</subfield>
    <subfield code="w">2023-04-20</subfield>
    <subfield code="y">BOOK</subfield>
  </datafield>
  <datafield tag="952" ind1=" " ind2=" ">
    <subfield code="0">0</subfield>
    <subfield code="1">0</subfield>
    <subfield code="4">0</subfield>
    <subfield code="7">0</subfield>
    <subfield code="8">GEN</subfield>
    <subfield code="a">BC</subfield>
    <subfield code="b">BC</subfield>
    <subfield code="d">1997-04-07</subfield>
    <subfield code="i">C145954</subfield>
    <subfield code="l">0</subfield>
    <subfield code="o">536.2 K18t e5</subfield>
    <subfield code="p">61000000881264</subfield>
    <subfield code="r">2025-09-10 15:02:22</subfield>
    <subfield code="t">5</subfield>
    <subfield code="w">2023-04-20</subfield>
    <subfield code="y">BOOKI</subfield>
  </datafield>
  <datafield tag="952" ind1=" " ind2=" ">
    <subfield code="0">0</subfield>
    <subfield code="1">0</subfield>
    <subfield code="4">0</subfield>
    <subfield code="7">0</subfield>
    <subfield code="8">GEN</subfield>
    <subfield code="a">BC</subfield>
    <subfield code="b">BC</subfield>
    <subfield code="d">1997-06-25</subfield>
    <subfield code="i">C145955</subfield>
    <subfield code="l">1</subfield>
    <subfield code="o">536.2 K18t e6</subfield>
    <subfield code="p">61000000929634</subfield>
    <subfield code="r">2025-11-11 13:53:18</subfield>
    <subfield code="s">2024-09-11</subfield>
    <subfield code="t">6</subfield>
    <subfield code="w">2023-04-20</subfield>
    <subfield code="y">BOOKI</subfield>
  </datafield>
  <datafield tag="952" ind1=" " ind2=" ">
    <subfield code="0">0</subfield>
    <subfield code="1">0</subfield>
    <subfield code="2">ddc</subfield>
    <subfield code="4">0</subfield>
    <subfield code="7">0</subfield>
    <subfield code="8">GEN</subfield>
    <subfield code="a">BC</subfield>
    <subfield code="b">BC</subfield>
    <subfield code="d">1998-11-17</subfield>
    <subfield code="i">C145956</subfield>
    <subfield code="l">0</subfield>
    <subfield code="o">536.2 K18t e7</subfield>
    <subfield code="p">0570561</subfield>
    <subfield code="r">2024-06-07 00:00:00</subfield>
    <subfield code="t">7</subfield>
    <subfield code="w">2023-04-20</subfield>
    <subfield code="y">BOOK</subfield>
  </datafield>
  <datafield tag="952" ind1=" " ind2=" ">
    <subfield code="0">0</subfield>
    <subfield code="1">0</subfield>
    <subfield code="4">0</subfield>
    <subfield code="7">0</subfield>
    <subfield code="8">GENERAL</subfield>
    <subfield code="a">CENDI</subfield>
    <subfield code="b">CENDI</subfield>
    <subfield code="d">2014-10-02</subfield>
    <subfield code="i">C1213903</subfield>
    <subfield code="l">2</subfield>
    <subfield code="o">F 04263</subfield>
    <subfield code="p">790005</subfield>
    <subfield code="r">2025-01-29 00:00:00</subfield>
    <subfield code="s">2023-10-25</subfield>
    <subfield code="t">8</subfield>
    <subfield code="w">2023-04-20</subfield>
    <subfield code="y">BOOK</subfield>
  </datafield>
  <datafield tag="952" ind1=" " ind2=" ">
    <subfield code="0">0</subfield>
    <subfield code="1">0</subfield>
    <subfield code="4">0</subfield>
    <subfield code="7">0</subfield>
    <subfield code="8">GENERAL</subfield>
    <subfield code="a">CENDI</subfield>
    <subfield code="b">CENDI</subfield>
    <subfield code="d">2019-11-13</subfield>
    <subfield code="i">C1323853</subfield>
    <subfield code="l">0</subfield>
    <subfield code="o">F 04263 e2</subfield>
    <subfield code="p">791247</subfield>
    <subfield code="r">2025-01-29 00:00:00</subfield>
    <subfield code="t">9</subfield>
    <subfield code="w">2023-04-20</subfield>
    <subfield code="y">BOOK</subfield>
  </datafield>
  <datafield tag="952" ind1=" " ind2=" ">
    <subfield code="0">0</subfield>
    <subfield code="1">0</subfield>
    <subfield code="2">ddc</subfield>
    <subfield code="4">0</subfield>
    <subfield code="5">0</subfield>
    <subfield code="7">0</subfield>
    <subfield code="8">GENERAL</subfield>
    <subfield code="a">CARME</subfield>
    <subfield code="b">CARME</subfield>
    <subfield code="d">2025-07-11</subfield>
    <subfield code="e">Material adquirido por donaci&#xF3;n</subfield>
    <subfield code="f">DONA</subfield>
    <subfield code="g">45000.00</subfield>
    <subfield code="l">0</subfield>
    <subfield code="o">536.2 K18t</subfield>
    <subfield code="p">01116081</subfield>
    <subfield code="r">2025-07-11 12:29:00</subfield>
    <subfield code="w">2025-07-11</subfield>
    <subfield code="y">BOOK</subfield>
  </datafield>
</record>
